000
00274nam a22001217a 4500
008
180920b xxu||||| |||| 00| 0 eng d
041
_a
eng
080
_a
370
100
_a
49
101
_a
EDU
245
_a
Improving Your Classroom Teaching
_c
WeimeR M
942
_2
udc
_c
BK
999
_c
48129
_d
48129